[Event "C.to Regionale Toscana"]
[Site "Lucca ITA"]
[Date "2000.04.??"]
[Round "1"]
[White "Riccio, Eros"]
[Black "Frugoli, Francesco"]
[Result "0-1"]
[WhiteElo "2112"]
[BlackElo "1681"]
[PlyCount "66"]
[EventDate "2000.04.29"]

1. d4 d5 2. Nf3 Nf6 3. e3 Bg4 4. c4 dxc4 5. Bxc4 e6 6. Nbd2 Nbd7 7. O-O Bd6 8.
Be2 O-O 9. Nc4 Be7 10. Nfe5 Bxe2 11. Qxe2 Ne8 12. Qf3 Nd6 13. Bd2 Nxe5 14. Nxe5
c6 15. Rac1 Nf5 16. Rc2 Bd6 17. Nd3 Qh4 18. g3 Qh3 19. Nf4 Bxf4 20. Qxf4 Rad8
21. Qc7 Rxd4 22. exd4 Nxd4 23. f3 Nxc2 24. Qxb7 Nd4 25. Qa6 Qf5 26. Qxa7 Nxf3+
27. Kg2 Qd5 28. Rxf3 Qxd2+ 29. Qf2 Qxf2+ 30. Kxf2 Rb8 31. b3 Kf8 32. Rc3 Ra8
33. a4 Rb8 0-1

[Event "C.to Regionale Toscana"]
[Site "Lucca ITA"]
[Date "2000.04.??"]
[Round "1"]
[White "Venturi, Andrea"]
[Black "Rinaldi, Francesco Saverio"]
[Result "1-0"]
[WhiteElo "1675"]
[BlackElo "1845"]
[PlyCount "69"]
[EventDate "2000.04.29"]

1. d4 Nf6 2. Bf4 g6 3. h3 Bg7 4. Nf3 O-O 5. e3 d6 6. Be2 Nbd7 7. O-O c5 8. c3
b6 9. Bh2 Bb7 10. Nbd2 Qc7 11. Qb3 Rac8 12. Bc4 e6 13. Bxe6 fxe6 14. Qxe6+ Rf7
15. Ng5 Bd5 16. Qxd6 Qb7 17. Nxf7 Kxf7 18. f3 Bh6 19. Rfe1 cxd4 20. cxd4 Rc2
21. Rad1 Rxb2 22. e4 Bxa2 23. e5 Bxd2 24. e6+ Bxe6 25. Rxe6 Bb4 26. Re7+ Kg8
27. Qe6+ Kh8 28. Rf7 Qd5 29. Qxd5 Nxd5 30. Rxd7 Ne3 31. Rc1 Nc2 32. Rc7 Ne3 33.
Rxa7 Nc2 34. d5 Bc5+ 35. Kh1 1-0